[Event "Online Olym Div3 B 2021"]
[Site "chess.com INT"]
[Date "2021.08.29"]
[Round "8.4"]
[Board "2"]
[White "Loay, Sameer"]
[Black "Amdouni, Zoubaier"]
[Result "1-0"]
[WhiteTitle "IM"]
[BlackTitle "FM"]
[WhiteElo "2197"]
[BlackElo "2218"]
[WhiteTeam "Jordan"]
[BlackTeam "Tunisia"]
[WhiteFideId "8104239"]
[BlackFideId "5500419"]
[EventDate "2021.08.27"]
[EventType "team"]

1. Nf3 d5 2. g3 Nf6 3. Bg2 Bf5 4. O-O e6 5. d3 h6 6. Nbd2 Nbd7 7. b3 Bc5 8. Bb2
O-O 9. Qe1 Bh7 10. e4 c6 11. Qe2 dxe4 12. dxe4 Qc7 13. e5 Nd5 14. Ne4 Be7 15. c4
Nb4 16. a3 Nd3 17. Qxd3 Nc5 18. Nxc5 Bxd3 19. Nxd3 Rfd8 20. Nf4 g5 21. Nh5 g4
22. Nh4 Bxh4 23. gxh4 Rd2 24. Bc1 Re2 25. Bf4 Rd8 26. Rad1 Kh7 27. Nf6+ Kg6 28.
Bg3 Rxd1 29. Rxd1 Qb6 30. b4 a5 31. c5 Qc7 32. Bf1 Ra2 33. Rd7 Qc8 34. Bd3+ Kg7
35. Re7 Rxa3 36. Be4 axb4 37. Re8 Qc7 38. Rg8# 1-0

[Event "Online Olym Div3 B 2021"]
[Site "chess.com INT"]
[Date "2021.08.29"]
[Round "8.4"]
[Board "3"]
[White "Ben Said, Safa"]
[Black "Boshra, Alshaeby"]
[Result "0-1"]
[WhiteTitle "WFM"]
[BlackTitle "WFM"]
[WhiteElo "1577"]
[BlackElo "2033"]
[WhiteTeam "Tunisia"]
[BlackTeam "Jordan"]
[WhiteFideId "5503400"]
[BlackFideId "8102937"]
[EventDate "2021.08.27"]
[EventType "team"]

1. e4 c5 2. Nf3 g6 3. d4 cxd4 4. Nxd4 Bg7 5. Nc3 Nc6 6. Be3 Nf6 7. Be2 O-O 8.
Qd2 d5 9. f3 e5 10. Nxc6 bxc6 11. exd5 cxd5 12. Bg5 Be6 13. O-O-O Qa5 14. Bxf6
Bxf6 15. Nxd5 Qxd2+ 16. Rxd2 Bg5 17. f4 exf4 18. Bf3 Rad8 19. Rhd1 Kg7 20. Kb1
Rb8 21. Rd4 Bxd5 22. Rxd5 Bf6 23. b3 Rbd8 24. Rd7 Rxd7 25. Rxd7 Re8 26. c4 Re7
27. Rxe7 Bxe7 28. Kb2 f5 29. Kc3 g5 30. h3 Kg6 31. b4 h5 32. c5 g4 33. hxg4 fxg4
34. Be4+ Kf6 35. Kd4 h4 36. a4 f3 37. Ke3 fxg2 38. Bxg2 Ke5 39. a5 h3 40. Bb7
Bg5+ 41. Kf2 Bh4+ 42. Kf1 Bd8 43. b5 Bxa5 44. b6 axb6 45. cxb6 Bxb6 46. Bc8 Kf4
47. Bd7 Kg3 48. Bc6 Kh2 49. Be4 g3 50. Bf3 g2+ 0-1

[Event "Online Olym Div3 B 2021"]
[Site "chess.com INT"]
[Date "2021.08.29"]
[Round "8.4"]
[Board "4"]
[White "Alattar, Ghayda M."]
[Black "Miladi, Amen"]
[Result "1-0"]
[WhiteTitle "WFM"]
[BlackTitle "WFM"]
[WhiteElo "1868"]
[BlackElo "1665"]
[WhiteTeam "Jordan"]
[BlackTeam "Tunisia"]
[WhiteFideId "8101531"]
[BlackFideId "5503779"]
[EventDate "2021.08.27"]
[EventType "team"]

1. d4 Nf6 2. Nc3 d5 3. Bg5 c5 4. Bxf6 gxf6 5. e4 dxe4 6. dxc5 Qa5 7. Qd5 a6 8.
O-O-O Nc6 9. Qxe4 Qxc5 10. Nd5 Bh6+ 11. Kb1 Qd6 12. Be2 f5 13. Qh4 Ne5 14. Nf3
Nxf3 15. Bxf3 Rb8 16. Rhe1 Kf8 17. Nxe7 Qf4 18. Qf6 Be6 19. Qxh8+ Kxe7 20. Qc3
Kf8 21. g3 1-0

[Event "Online Olym Div3 B 2021"]
[Site "chess.com INT"]
[Date "2021.08.29"]
[Round "8.4"]
[Board "5"]
[White "Chorfen, Youssef"]
[Black "Amr Majdalawi"]
[Result "0-1"]
[BlackTitle "CM"]
[WhiteElo "1861"]
[BlackElo "1806"]
[WhiteTeam "Tunisia"]
[BlackTeam "Jordan"]
[WhiteFideId "5508665"]
[BlackFideId "8106401"]
[EventDate "2021.08.27"]
[EventType "team"]

1. e4 c5 2. Nc3 g6 3. d4 cxd4 4. Qxd4 f6 5. Be3 Nc6 6. Qd2 Bg7 7. O-O-O d6 8.
Bc4 Qa5 9. Nge2 Ne5 10. Bb3 Ng4 11. Kb1 Nxe3 12. Qxe3 Nh6 13. Nf4 Nf7 14. Ne6
Bxe6 15. Bxe6 O-O 16. Nd5 Kh8 17. Nxe7 Ng5 18. Bb3 Rae8 19. h4 Rxe7 20. hxg5
Qxg5 21. Qh3 h5 22. Rxd6 Rxe4 23. Rd5 Re5 24. Rd7 Rfe8 25. a3 Re1+ 26. Ka2 f5
27. Bf7 Qc1 28. Qxh5+ gxh5 29. Rxh5+ Bh6 30. Bxe8 Rxe8 31. Rd6 Kg7 32. Rd7+ Kg6
33. Rh3 Re6 34. Rxb7 Qxc2 35. Rg3+ Bg5 36. f4 Qc4+ 37. Rbb3 Qxf4 38. Rbf3 Qc4+
39. Rb3 a5 0-1

[Event "Online Olym Div3 B 2021"]
[Site "chess.com INT"]
[Date "2021.08.29"]
[Round "8.4"]
[Board "6"]
[White "Tala, Alnasser"]
[Black "Chihi, Malek"]
[Result "1-0"]
[BlackTitle "WCM"]
[WhiteElo "1431"]
[BlackElo "1662"]
[WhiteTeam "Jordan"]
[BlackTeam "Tunisia"]
[WhiteFideId "8110328"]
[BlackFideId "5504430"]
[EventDate "2021.08.27"]
[EventType "team"]

1. d4 d5 2. e3 Nf6 3. Nf3 e6 4. Bd3 a6 5. a3 c5 6. dxc5 Bxc5 7. b4 Bd6 8. Bb2
Nbd7 9. Nbd2 b5 10. e4 dxe4 11. Nxe4 Bc7 12. O-O Bb7 13. Re1 O-O 14. Nfg5 h6 15.
Nxf6+ Nxf6 16. Ne4 Nxe4 17. Bxe4 Bxe4 18. Rxe4 Qxd1+ 19. Rxd1 Rad8 20. Red4 Rxd4
21. Bxd4 Rd8 22. Rd3 e5 23. Bc5 Rxd3 24. cxd3 Kh7 25. Kf1 Kg6 26. Ke2 1-0

[Event "Online Olym Div3 B 2021"]
[Site "chess.com INT"]
[Date "2021.08.29"]
[Round "8.5"]
[Board "1"]
[White "Ortega Amarelle, Mariano"]
[Black "Belachew, Yimam Abera"]
[Result "1-0"]
[WhiteTitle "IM"]
[BlackTitle "FM"]
[WhiteElo "2463"]
[BlackElo "2116"]
[WhiteTeam "Cape Verde"]
[BlackTeam "Ethiopia"]
[WhiteFideId "3504301"]
[BlackFideId "15700046"]
[EventDate "2021.08.27"]
[EventType "team"]

1. d4 Nf6 2. Nf3 e6 3. Bf4 d5 4. e3 Be7 5. h3 Nbd7 6. Bd3 c5 7. c3 O-O 8. Nbd2
a6 9. Ne5 cxd4 10. exd4 Nxe5 11. dxe5 Ne8 12. Nf3 b5 13. h4 f5 14. exf6 Bxf6 15.
Be5 Nd6 16. Qe2 Nc4 17. Bxc4 bxc4 18. Rd1 Ra7 19. g3 Raf7 20. Rh2 Be7 21. Nd4
Bc5 22. f4 Bd7 23. h5 h6 24. Qg4 Qe7 25. Re2 Bxd4 26. Rxd4 Rf5 27. Qh3 Qe8 28.
g4 R5f7 29. Rg2 Qe7 30. g5 hxg5 31. Rxg5 Kh7 32. Qg3 Rg8 33. Rg6 Rf5 34. h6 Be8
35. Rxg7+ Rxg7 36. hxg7 Kg8 37. Rd2 Rh5 38. Rh2 Qf7 39. Kd2 Qg6 40. Rxh5 Qxh5
41. Ke3 Qf5 42. Kd4 Bg6 43. Qh4 Qe4+ 44. Kc5 Bh7 45. Qd8+ Kf7 46. Qf8+ Kg6 47.
Qf6+ Kh5 48. Qg5# 1-0

[Event "Online Olym Div3 B 2021"]
[Site "chess.com INT"]
[Date "2021.08.29"]
[Round "8.5"]
[Board "3"]
[White "Rodriguez Guevara, Celia M."]
[Black "Haile, Lidet, Abate"]
[Result "0-1"]
[WhiteElo "1849"]
[BlackElo "1606"]
[WhiteTeam "Cape Verde"]
[BlackTeam "Ethiopia"]
[WhiteFideId "3511596"]
[BlackFideId "15702073"]
[EventDate "2021.08.27"]
[EventType "team"]

1. e4 e5 2. Nf3 Nc6 3. Bc4 Bc5 4. c3 Nf6 5. d3 O-O 6. O-O h6 7. Bb3 d6 8. Nbd2
Ne7 9. Re1 Ng6 10. Nf1 Be6 11. Bc2 Ng4 12. d4 exd4 13. cxd4 Bb6 14. Ng3 Nh4 15.
h3 Nxf3+ 16. Qxf3 Nf6 17. e5 dxe5 18. dxe5 Nd5 19. Qe4 f5 20. exf6 Rxf6 21. Qh7+
Kf7 22. Ne4 Bf5 23. Nd6+ Qxd6 24. Bxf5 Ne7 25. Bc2 Bxf2+ 26. Kh1 Bxe1 27. Bb3+
Nd5 28. Qd3 c6 29. Be3 Bg3 30. Bd4 Be5 31. Be3 Re8 32. Rd1 Kf8 33. Bxd5 Qxd5 34.
Bxa7 Qxd3 35. Rxd3 Rf1+ 36. Bg1 h5 37. g4 hxg4 38. hxg4 Kf7 39. Kg2 Rb1 40. b3
Rb2+ 41. Kh3 Rh8# 0-1

[Event "Online Olym Div3 B 2021"]
[Site "chess.com INT"]
[Date "2021.08.29"]
[Round "8.5"]
[Board "5"]
[White "Santos, Bruno Miguel Araujo"]
[Black "Kebede, Yoseph Kifle"]
[Result "0-1"]
[WhiteElo "1409"]
[BlackElo "1814"]
[WhiteTeam "Cape Verde"]
[BlackTeam "Ethiopia"]
[WhiteFideId "23600349"]
[BlackFideId "15708063"]
[EventDate "2021.08.27"]
[EventType "team"]

1. e4 c5 2. Nf3 a6 3. d4 cxd4 4. Nxd4 Nf6 5. Nc3 e5 6. Nb3 Bb4 7. Bd3 d5 8. Bd2
Bxc3 9. Bxc3 d4 10. Bb4 Nc6 11. Ba3 b5 12. Bc5 Nd7 13. Bd6 Qf6 14. Bc5 Qg6 15.
O-O Nxc5 16. Nxc5 O-O 17. Qf3 Qd6 18. Nb3 b4 19. Qg3 a5 20. f4 a4 21. fxe5 Nxe5
22. Nd2 Qc5 23. Kh1 Ba6 24. Rac1 Rfc8 25. Bxa6 Rxa6 26. Rf5 f6 27. Nf3 Re6 28.
Nxe5 Rxe5 29. Rxe5 Qxe5 30. Qxe5 fxe5 31. b3 axb3 32. axb3 Rc3 33. Kg1 d3 34.
Kf2 Rxc2+ 0-1

[Event "Online Olym Div3 B 2021"]
[Site "chess.com INT"]
[Date "2021.08.29"]
[Round "9.1"]
[Board "2"]
[White "Koniahli, Malek."]
[Black "Tsige, Addisalem Temesgen"]
[Result "1-0"]
[WhiteTitle "FM"]
[WhiteElo "2255"]
[BlackElo "2050"]
[WhiteTeam "Syria"]
[BlackTeam "Ethiopia"]
[WhiteFideId "7603495"]
[BlackFideId "15700160"]
[EventDate "2021.08.27"]
[EventType "team"]

1. d4 Nf6 2. c4 c5 3. Nf3 cxd4 4. Nxd4 Nc6 5. Nc3 g6 6. e4 d6 7. Be2 Nxd4 8.
Qxd4 Bg7 9. Be3 O-O 10. Qd2 a5 11. Rd1 a4 12. c5 Be6 13. cxd6 a3 14. b3 exd6 15.
O-O Qa5 16. f3 Rfd8 17. Bd4 d5 18. e5 Nd7 19. f4 Nc5 20. Qe3 b6 21. g4 Bc8 22.
Bxc5 bxc5 23. Nxd5 Bb7 24. Bc4 Ba6 25. Ne7+ Kh8 26. Nc6 Qb6 27. Rxd8+ Rxd8 28.
Nxd8 Bxc4 29. Rd1 Ba6 30. Nxf7+ Kg8 31. Nd6 Qc6 32. Qe4 Qb6 33. Qd5+ 1-0

[Event "Online Olym Div3 B 2021"]
[Site "chess.com INT"]
[Date "2021.08.29"]
[Round "9.1"]
[Board "3"]
[White "Tekulu, Masho Beyene"]
[Black "Mahmoud, Roula"]
[Result "0-1"]
[BlackTitle "WFM"]
[WhiteElo "1403"]
[BlackElo "1765"]
[WhiteTeam "Ethiopia"]
[BlackTeam "Syria"]
[WhiteFideId "15702758"]
[BlackFideId "7601263"]
[EventDate "2021.08.27"]
[EventType "team"]

1. c4 Nf6 2. d4 g6 3. Nc3 Bg7 4. e4 d6 5. Nf3 O-O 6. h3 e5 7. dxe5 dxe5 8. Be2
Nc6 9. O-O Be6 10. a3 Qxd1 11. Rxd1 Rad8 12. Bg5 h6 13. Bxf6 Bxf6 14. Nd5 Bxd5
15. cxd5 Nd4 16. Nxd4 exd4 17. Bc4 c6 18. a4 cxd5 19. Bxd5 b6 20. Rac1 Rc8 21.
Kf1 Kg7 22. Ke2 d3+ 23. Kxd3 Bxb2 24. Rc2 Rxc2 25. Kxc2 Ba3 26. Rd3 Rc8+ 27. Rc3
Rxc3+ 28. Kxc3 Bc5 29. f3 f5 30. Kc4 fxe4 31. fxe4 Kf6 32. Kb5 a5 33. Kc4 Ke5
34. Kd3 g5 35. Kc4 h5 36. Kb5 h4 37. Kc6 Kf4 38. Kd7 Bd4 39. Ke6 Kg3 40. e5 Kf4
41. Kf6 Bxe5+ 42. Ke6 Bd4 43. Bf3 Bc5 44. Kd5 Ke3 45. Kc4 Kd2 46. Kb3 Kd3 47.
Bd5 Kd4 48. Bc4 Bd6 49. Be2 Kc5 50. Bc4 Be5 51. Be2 Bd4 52. Bb5 Kd5 53. Be2 Ke4
54. Kc4 Ke3 55. Bf3 Bc5 56. Kc3 Bb4+ 57. Kc4 Kd2 58. Kb5 Bc5 59. Kc4 Kc2 60. Bc6
Kb2 61. Bf3 Ka3 62. Bc6 Be3 63. Kd3 Bg1 64. Kc4 Bc5 65. Kd3 Kb4 66. Ke4 Be7 67.
Kf5 Kc5 68. Bf3 Bd8 69. Ke5 Bc7+ 70. Kf5 Bf4 71. Ke6 b5 72. axb5 Kxb5 73. Kd5 a4
74. Kd4 Kb4 75. Bd5 Bd2 76. Ke4 Kc3 77. Kf3 a3 78. Kg4 Kb2 79. g3 Be1 80. gxh4
Bxh4 81. Kf3 a2 82. Bxa2 Kxa2 83. Kg4 Kb3 84. Kf3 Kc4 85. Ke4 Kc3 86. Ke3 Be1
87. Ke2 Bg3 88. Kf3 Bh4 89. Ke3 Kc4 90. Ke4 Kc5 91. Ke5 Kc6 92. Ke6 Kc7 93. Ke5
Kd7 94. Kd5 Ke7 95. Ke5 Kf7 96. Kf5 Kg7 97. Kg4 Kg6 98. Kf3 Kf5 99. Ke3 Ke5 100.
Kf3 Kd4 101. Ke2 Ke4 102. Kf1 Kf3 103. Kg1 Kg3 104. Kh1 Kxh3 105. Kg1 g4 106.
Kh1 g3 107. Kg1 Bg5 108. Kh1 Bf6 109. Kg1 Bd4+ 110. Kh1 g2# 0-1

[Event "Online Olym Div3 B 2021"]
[Site "chess.com INT"]
[Date "2021.08.29"]
[Round "9.1"]
[Board "4"]
[White "Algildah, Nibal"]
[Black "Abera, Mekdes Demssie"]
[Result "1-0"]
[WhiteTitle "WIM"]
[WhiteElo "1852"]
[BlackElo "1198"]
[WhiteTeam "Syria"]
[BlackTeam "Ethiopia"]
[WhiteFideId "7600950"]
[BlackFideId "15701964"]
[EventDate "2021.08.27"]
[EventType "team"]

1. Nf3 Nf6 2. d4 g6 3. Bg5 Bg7 4. c3 O-O 5. Nbd2 Nc6 6. e3 d5 7. Bd3 a6 8. O-O
b6 9. h3 Bb7 10. Re1 Re8 11. Qc2 Qd6 12. Bf4 Qd7 13. Rad1 Nh5 14. Bh2 e5 15.
dxe5 Nxe5 16. Nxe5 Bxe5 17. Bxe5 Rxe5 18. Nf3 Re7 19. c4 c5 20. cxd5 Bxd5 21.
Bc4 Nf6 22. Bxd5 Nxd5 23. e4 Nb4 24. Rxd7 Nxc2 25. Rxe7 Nxe1 26. Nxe1 Kg7 27.
Rd7 h5 28. Kf1 b5 29. Ke2 c4 30. Rb7 Kf6 31. f4 Kg7 32. Nf3 Re8 33. e5 Kg8 34.
Rb6 Re6 35. Rxe6 fxe6 36. Ng5 a5 37. Nxe6 Kf7 38. Nc7 b4 39. Ke3 Ke7 40. Kd4 Kd7
41. Nd5 Ke6 42. Kxc4 Kf5 43. Kb5 Ke6 44. Nc7+ Kd7 45. Na6 Ke6 46. Kxa5 g5 47.
Nc5+ Kf5 48. e6 Kf6 49. fxg5+ Ke7 50. g6 h4 51. g7 b3 52. a4 Kd6 53. g8=Q Kxc5
54. Qc8+ Kd4 55. Qd7+ Ke3 56. e7 Kf2 57. e8=Q Kg3 58. Qg4+ Kh2 59. Qe5+ Kg1 60.
Qe1+ Kh2 61. Qf4+ Kxg2 62. Qef1# 1-0

[Event "Online Olym Div3 B 2021"]
[Site "chess.com INT"]
[Date "2021.08.29"]
[Round "9.1"]
[Board "5"]
[White "Kebede, Yoseph Kifle"]
[Black "Razouk, odyai"]
[Result "0-1"]
[WhiteElo "1814"]
[BlackElo "1883"]
[WhiteTeam "Ethiopia"]
[BlackTeam "Syria"]
[WhiteFideId "15708063"]
[BlackFideId "7607695"]
[EventDate "2021.08.27"]
[EventType "team"]

1. e4 c5 2. Nf3 d6 3. Bb5+ Nd7 4. c3 e5 5. O-O a6 6. Ba4 Nf6 7. d4 Qc7 8. Re1
Be7 9. Bg5 b5 10. Bc2 O-O 11. Nbd2 c4 12. Nf1 Re8 13. Ng3 h6 14. Be3 Ng4 15. Bd2
Bf8 16. h3 Ngf6 17. Nf5 Nb6 18. N3h4 g5 19. Qc1 Nh7 20. Nf3 Bxf5 21. exf5 Nf6
22. Re3 e4 23. Nh2 d5 24. Ng4 Nxg4 25. hxg4 f6 26. Qe1 Qd7 27. Qe2 Bd6 28. Rh3
Kg7 29. Re1 a5 30. a3 Rab8 31. g3 Re7 32. Kg2 Rh8 33. Reh1 Nc8 34. Qf1 Qe8 35.
Qg1 Qg8 36. Qh2 Qh7 37. Ra1 a4 38. Re1 Ree8 39. Kf1 Qg8 40. Ke2 Rh7 41. Kd1 Qf7
42. Rh1 Reh8 43. Qg2 Ne7 44. Re1 Nc6 45. Rh5 Re8 46. Reh1 Na5 47. Qh3 Reh8 48.
Re1 Qc7 49. Qg2 Nb3 50. Bxb3 cxb3 51. Qf1 Qc4 52. Qxc4 bxc4 53. Ke2 Re8 54. Be3
Bf8 55. Reh1 Kg8 56. Kf1 Rb7 57. Kg2 Rbb8 58. Re1 Rb7 59. Re2 Bxa3 60. Rxh6 Bxb2
61. Re1 Rh7 62. Rxf6 Bxc3 63. Rd1 a3 64. Rg6+ Rg7 65. Rh6 a2 66. Ra6 a1=Q 67.
Rdxa1 Bxa1 68. Rxa1 b2 0-1

[Event "Online Olym Div3 B 2021"]
[Site "chess.com INT"]
[Date "2021.08.29"]
[Round "9.2"]
[Board "1"]
[White "Mansour, Sameer"]
[Black "Ortega Amarelle, Mariano"]
[Result "0-1"]
[WhiteTitle "IM"]
[BlackTitle "IM"]
[WhiteElo "2308"]
[BlackElo "2463"]
[WhiteTeam "Jordan"]
[BlackTeam "Cape Verde"]
[WhiteFideId "8100144"]
[BlackFideId "3504301"]
[EventDate "2021.08.27"]
[EventType "team"]

1. Nf3 d5 2. g3 Nf6 3. Bg2 Bf5 4. O-O e6 5. d3 h6 6. b3 Be7 7. Bb2 O-O 8. Nbd2
a5 9. a3 c5 10. Ne5 Bh7 11. e4 a4 12. f4 Nc6 13. Nxc6 bxc6 14. g4 c4 15. Bxf6
Bxf6 16. e5 cxd3 17. exf6 dxc2 18. Qe2 axb3 19. Nxb3 Qb6+ 20. Qf2 Qxb3 21. fxg7
Rfe8 22. f5 exf5 23. gxf5 Rxa3 24. Rac1 Ra2 25. Rfe1 Rxe1+ 26. Qxe1 Bxf5 27.
Qe8+ Kxg7 28. Qe5+ Kg6 29. Kh1 Qb1 30. Qg3+ Kh7 31. Qf4 Bg6 32. h4 Ra1 0-1

[Event "Online Olym Div3 B 2021"]
[Site "chess.com INT"]
[Date "2021.08.29"]
[Round "9.2"]
[Board "3"]
[White "Boshra, Alshaeby"]
[Black "Rodriguez Guevara, Celia M."]
[Result "0-1"]
[WhiteTitle "WFM"]
[WhiteElo "2033"]
[BlackElo "1849"]
[WhiteTeam "Jordan"]
[BlackTeam "Cape Verde"]
[WhiteFideId "8102937"]
[BlackFideId "3511596"]
[EventDate "2021.08.27"]
[EventType "team"]

1. e4 d5 2. exd5 Qxd5 3. Nc3 Qa5 4. Nf3 Nf6 5. Be2 Bf5 6. O-O c6 7. Rb1 e6 8. a3
Qc7 9. b4 a6 10. Nh4 Bg6 11. d3 Bd6 12. g3 O-O 13. Bb2 Nbd7 14. f4 a5 15. b5
Qb6+ 16. Kh1 cxb5 17. Nxb5 Qxb5 18. Bxf6 Qc5 19. Ba1 b6 20. Nxg6 hxg6 21. Rb3
Rac8 22. c4 Rfd8 23. Bf3 Be7 24. Qb1 Bf6 25. Rb5 Qc7 26. Bxf6 gxf6 27. Rc1 Nc5
28. Rxb6 Rxd3 29. Bg2 Rxa3 30. Rc6 Qd7 31. Rxc8+ Qxc8 32. Rd1 Rc3 33. Qb6 Rb3
34. Rd8+ Kg7 35. Rxc8 Rxb6 36. Rxc5 Rb1+ 37. Bf1 Rxf1+ 38. Kg2 Ra1 39. Rb5 a4
40. c5 Rc1 41. Ra5 Rc4 42. c6 Rxc6 43. Rxa4 e5 44. Re4 Rc2+ 45. Kh3 Rc5 46. Kg2
Kf8 47. Ra4 Rc7 48. Ra5 Re7 49. Ra8+ Re8 50. Ra6 Kg7 51. Kf3 e4+ 52. Ke3 f5 53.
Ra3 Rc8 54. Rb3 Rc1 55. Kf2 Rc2+ 56. Kg1 f6 57. Re3 g5 58. h4 Kg6 59. Ra3 gxf4
60. gxf4 Kh5 61. Ra8 Kxh4 62. Rh8+ Kg4 63. Rh6 Kg3 64. Rg6+ Kxf4 65. Rxf6 e3 66.
Kf1 Rc7 67. Ke2 Rc2+ 68. Ke1 Rg2 69. Rf8 e2 70. Ra8 Kg4 71. Rg8+ Kf3 72. Re8 f4
73. Re6 Rg1+ 74. Kd2 Kf2 75. Rxe2+ Kg3 76. Re8 Rh1 77. Rg8+ Kf2 78. Rf8 f3 79.
Kd3 Rh6 80. Ke4 Rh4+ 81. Kd3 Rg4 82. Ra8 Kg1 83. Ra1+ Kg2 84. Ke3 Rg7 85. Ra2+
Kg3 86. Ra6 f2 87. Rf6 Re7+ 88. Kd2 Re1 89. Rg6+ Kh4 90. Rh6+ Kg5 91. Re6 Rxe6 0-1

[Event "Online Olym Div3 B 2021"]
[Site "chess.com INT"]
[Date "2021.08.29"]
[Round "9.2"]
[Board "5"]
[White "Amr Majdalawi"]
[Black "Santos, Bruno Miguel Araujo"]
[Result "1-0"]
[WhiteTitle "CM"]
[WhiteElo "1806"]
[BlackElo "1409"]
[WhiteTeam "Jordan"]
[BlackTeam "Cape Verde"]
[WhiteFideId "8106401"]
[BlackFideId "23600349"]
[EventDate "2021.08.27"]
[EventType "team"]

1. e4 c5 2. Nc3 d6 3. g3 Nc6 4. Bg2 Nf6 5. d3 e5 6. h3 Be7 7. f4 O-O 8. Nf3 a6
9. a4 Bd7 10. O-O Qb6 11. Kh2 Nd4 12. f5 a5 13. g4 g6 14. g5 Nh5 15. Nd5 Qd8 16.
f6 Nc6 17. Nh4 Be6 18. fxe7 Nxe7 19. Nf6+ Nxf6 20. gxf6 Nc6 21. Qd2 1-0

[Event "Online Olym Div3 B 2021"]
[Site "chess.com INT"]
[Date "2021.08.29"]
[Round "9.3"]
[Board "1"]
[White "O'Donnell, Conor"]
[Black "Zaibi, Amir"]
[Result "1-0"]
[WhiteTitle "FM"]
[BlackTitle "GM"]
[WhiteElo "2314"]
[BlackElo "2398"]
[WhiteTeam "Ireland"]
[BlackTeam "Tunisia"]
[WhiteFideId "2504243"]
[BlackFideId "5500796"]
[EventDate "2021.08.27"]
[EventType "team"]

1. d4 d5 2. Nf3 Nf6 3. c3 Bf5 4. Bf4 e6 5. e3 Bd6 6. Qb3 Nbd7 7. Nbd2 O-O 8.
Bxd6 cxd6 9. Be2 Qb6 10. O-O h6 11. Rac1 Qxb3 12. axb3 Rfc8 13. Ra1 a6 14. b4
Kf8 15. Ra5 Rab8 16. Rfa1 Ke7 17. Kf1 Ne4 18. Nxe4 Bxe4 19. Nd2 Bc2 20. f3 Rc6
21. e4 dxe4 22. fxe4 f5 23. exf5 Bxf5 24. b5 axb5 25. Bxb5 Rb6 26. Ke2 d5 27. b4
Nf6 28. c4 Rd6 29. c5 Rdd8 30. Ra7 Kf8 31. Bd3 Bg4+ 32. Kf2 Bh5 33. Re1 Ra8 34.
Rea1 Rab8 35. h3 Be8 36. Nb3 b6 37. Re1 Rd7 38. Rxd7 Bxd7 39. b5 Bxb5 40. Bxb5
bxc5 41. Ba4 Rb4 42. Nxc5 Ne4+ 43. Nxe4 Rxd4 44. Nc5 Rf4+ 45. Kg3 1-0

[Event "Online Olym Div3 B 2021"]
[Site "chess.com INT"]
[Date "2021.08.29"]
[Round "9.3"]
[Board "2"]
[White "Amdouni, Zoubaier"]
[Black "Jessel, Stephen"]
[Result "1/2-1/2"]
[WhiteTitle "FM"]
[BlackTitle "FM"]
[WhiteElo "2218"]
[BlackElo "2297"]
[WhiteTeam "Tunisia"]
[BlackTeam "Ireland"]
[WhiteFideId "5500419"]
[BlackFideId "628859"]
[EventDate "2021.08.27"]
[EventType "team"]

1. e4 e6 2. d4 d5 3. Bd3 c5 4. exd5 exd5 5. c3 Nc6 6. Nf3 cxd4 7. cxd4 g6 8. O-O
Bg7 9. Re1+ Nge7 10. Bg5 O-O 11. Qe2 Be6 12. Qe3 Re8 13. Nc3 Qd7 14. Bb5 a6 15.
Bxc6 Nxc6 16. Na4 Bg4 17. Qf4 Bxf3 18. gxf3 Nxd4 19. Nb6 Qh3 20. Nxa8 Nxf3+ 21.
Qxf3 Rxe1+ 22. Rxe1 Qxf3 23. Re8+ Bf8 24. Bh6 Qd1+ 25. Kg2 Qg4+ 26. Kh1 Qd1+ 27.
Kg2 Qg4+ 28. Kh1 Qd1+ 29. Kg2 1/2-1/2

[Event "Online Olym Div3 B 2021"]
[Site "chess.com INT"]
[Date "2021.08.29"]
[Round "9.3"]
[Board "3"]
[White "Gelip, Ioana"]
[Black "Miladi, Amen"]
[Result "0-1"]
[WhiteTitle "WFM"]
[BlackTitle "WFM"]
[WhiteElo "2185"]
[BlackElo "1665"]
[WhiteTeam "Ireland"]
[BlackTeam "Tunisia"]
[WhiteFideId "1202260"]
[BlackFideId "5503779"]
[EventDate "2021.08.27"]
[EventType "team"]

1. e4 c5 2. Nf3 e6 3. d4 cxd4 4. Nxd4 a6 5. Nc3 Qc7 6. Bd3 b5 7. O-O Bb7 8. Be3
Nf6 9. a3 d5 10. exd5 Nxd5 11. Nxd5 Bxd5 12. Qg4 Nd7 13. Qg3 Bd6 14. f4 O-O 15.
Nf3 h6 16. Bd4 e5 17. fxe5 Bc5 18. Rae1 Bxf3 19. Bxc5 Qxc5+ 20. Kh1 Bd5 21. Qg4
Qc6 22. Rf2 Nc5 23. Rf6 Nxd3 24. cxd3 Qc2 25. Rd6 Rfd8 26. h4 Be6 27. Qd4 Rxd6
28. exd6 Qc6 29. Re3 Rd8 30. Rg3 g6 31. Qf6 Qxd6 32. Kh2 Bf5 33. Qxf5 Re8 34.
Qf3 Qd4 35. Kh3 Qg1 36. Kg4 h5+ 37. Kf4 Qc1+ 0-1

[Event "Online Olym Div3 B 2021"]
[Site "chess.com INT"]
[Date "2021.08.29"]
[Round "9.3"]
[Board "4"]
[White "Guidara, Rawia"]
[Black "Ferguson, Dayna"]
[Result "0-1"]
[WhiteElo "1360"]
[BlackElo "1734"]
[WhiteTeam "Tunisia"]
[BlackTeam "Ireland"]
[WhiteFideId "5506697"]
[BlackFideId "2509342"]
[EventDate "2021.08.27"]
[EventType "team"]

1. e4 c5 2. Nf3 d6 3. d4 Nf6 4. Nc3 cxd4 5. Nxd4 Nc6 6. Bc4 e6 7. Be3 Be7 8. O-O
O-O 9. f4 a6 10. Qf3 Qc7 11. Nxc6 bxc6 12. Bd3 Bb7 13. Qh3 g6 14. f5 exf5 15.
exf5 Qd7 16. g4 c5 17. Be2 d5 18. g5 d4 19. gxf6 Bxf6 20. Bh6 dxc3 21. Bxf8 cxb2
22. Rab1 Rxf8 23. fxg6 Bd4+ 24. Rf2 Qxh3 0-1

[Event "Online Olym Div3 B 2021"]
[Site "chess.com INT"]
[Date "2021.08.29"]
[Round "9.3"]
[Board "5"]
[White "Venkatesan, Kavin"]
[Black "Elayeb, Med Yessine"]
[Result "1-0"]
[WhiteElo "2011"]
[BlackElo "1661"]
[WhiteTeam "Ireland"]
[BlackTeam "Tunisia"]
[WhiteFideId "2512602"]
[BlackFideId "5506433"]
[EventDate "2021.08.27"]
[EventType "team"]

1. d4 d5 2. c4 e6 3. Nc3 Nf6 4. cxd5 Nxd5 5. e4 Nxc3 6. bxc3 Be7 7. Qg4 e5 8.
Qd1 exd4 9. Qxd4 O-O 10. Nf3 Nc6 11. Qe3 Re8 12. Bc4 Bf6 13. O-O Bf5 14. Nd2 Ne5
15. Bb5 c6 16. exf5 cxb5 17. Ne4 Nc4 18. Qf3 Qe7 19. Re1 Nd6 20. Ba3 Qe5 21.
Bxd6 Qd5 22. Nxf6+ gxf6 23. Qxd5 1-0

[Event "Online Olym Div3 B 2021"]
[Site "chess.com INT"]
[Date "2021.08.29"]
[Round "9.3"]
[Board "6"]
[White "Hwass, Zaineb"]
[Black "Putar, Lara"]
[Result "0-1"]
[WhiteTitle "WCM"]
[WhiteElo "1426"]
[BlackElo "1930"]
[WhiteTeam "Tunisia"]
[BlackTeam "Ireland"]
[WhiteFideId "5504643"]
[BlackFideId "14546604"]
[EventDate "2021.08.27"]
[EventType "team"]

1. d4 Nf6 2. Bf4 g6 3. e3 Bg7 4. Nd2 d5 5. c4 O-O 6. Ngf3 c5 7. Rc1 cxd4 8. Nxd4
Re8 9. N4f3 Nc6 10. cxd5 Nxd5 11. b3 Nc3 12. Qc2 Bf5 13. e4 Nb4 14. Qb2 Nd3+ 15.
Bxd3 Qxd3 16. Rxc3 Bxc3 17. Qc1 Bxe4 18. Ne5 Bxe5 19. Bxe5 Rac8 20. Nc4 f6 21.
Bf4 Bxg2 22. Rg1 Bf3 23. Qd2 Qb1+ 24. Qc1 Qxc1+ 25. Bxc1 b5 26. Rg3 bxc4 27.
Rxf3 cxb3 28. Bb2 bxa2 29. Ra3 Rc2 30. Rb3 Rxb2 31. Rxb2 a1=Q+ 0-1